Cahier de voyage : comarques de Barcelone comarques de Barcelone

Publicat: Barcelona : Diputació de Barcelona , 2025
Descripció física: 1 targeta postal ; il·lustracions color ; 15 x 10 cm
Idioma: Català , French

MARC

LEADER 00000nam a22000007a 4500
001 29351
003 AGDB
005 20260324181547.0
008 260209b spa||||| |||| 00| 0 cat d
017 |a B 14227-2025 
040 |a agdb  |b cat 
041 |a fre 
245 |a Cahier de voyage :   |b comarques de Barcelone 
260 |a Barcelona :   |b Diputació de Barcelona ;   |c 2025 
300 |a 1 targeta postal ;   |b il·lustracions color ;   |c 15 x 10 cm 
610 2 0 |a Barcelona és Molt Més  |9 51323 
650 0 |a Productes turístics  |z Barcelona (Catalunya : Província)  |9 72067 
655 0 |a Targetes postals  |9 52685 
710 |a Barcelona (Catalunya : Província).  |b Àrea de Desenvolupament Econòmic i Turisme  |9 71481 
942 |2 udc  |c ARXIU  |n 1 
952 |0 0  |1 0  |2 udc  |4 0  |6 FU7938  |7 1  |9 99112  |a Arxiu  |b Arxiu  |d 2026-02-09  |l 0  |o FU-79-38  |p 29351  |r 2026-02-09 11:59:28  |w 2026-02-09  |y ARXIU 
999 |c 130767  |d 130767